| LEADER |
02316ngm0a2200493 450 |
| 001 |
16848527 |
| 100 |
|
|
|a 20140109d2026 u u0frey01 ba
|
| 101 |
1 |
|
|a eng
|c eng
|
| 102 |
|
|
|a US
|
| 200 |
0 |
|
|a Mad Men
|f Jennifer Getzinger, Michael Uppendahl, Phil Abraham, réal.
|g Rick Cleveland, Lisa Albert, Matthew Weiner, scénario - David Carbonara, comp. - Christina Hendricks, Elisabeth Moss, Brian Batt, January Jones, Vincent Kartheiser, Jon Hamm, ... [et al.] act.
|
| 207 |
|
1 |
|a
|
| 215 |
|
|
|a 4 DVD vidéo monoface zone 2 (13 x 46 min)
|c 16/9, coul. (PAL), son. (Dolby digital 5.1)
|
| 300 |
|
|
|a Langues principales : anglais, français; Sous-Titres : français
|
| 327 |
|
|
|a Point de départ,Guerre de position,Conquête de territoires,Naufrage,L'union fait la force,Pilotage automatique,En roue libre,L'un sans l'autre,A l'ouest,Passe-droit,Pure pitié,A vos bons soins,La reconstitution d'une époque
|
| 330 |
|
|
|a 1968... l'Amérique connaît sa période la plus sombre et dramatique°: émeutes raciales, crimes violents, contestations politiques et civiques... Le simulacre d'une société américaine idéalisée a été balayé par les tourments du monde et il devient difficile pour les publicitaires de la Madison Avenue de vendre '?le rêve américain?'...
|
| 464 |
|
|
|a Point de départ
|
| 464 |
|
|
|a Guerre de position
|
| 464 |
|
|
|a Conquête de territoires
|
| 464 |
|
|
|a Naufrage
|
| 464 |
|
|
|a L'union fait la force
|
| 464 |
|
|
|a Pilotage automatique
|
| 464 |
|
|
|a En roue libre
|
| 464 |
|
|
|a L'un sans l'autre
|
| 464 |
|
|
|a A l'ouest
|
| 464 |
|
|
|a Passe-droit
|
| 464 |
|
|
|a Pure pitié
|
| 464 |
|
|
|a A vos bons soins
|
| 464 |
|
|
|a La reconstitution d'une époque
|
| 700 |
|
0 |
|a Abraham
|b Phil
|4 370
|
| 701 |
|
0 |
|a Uppendahl
|b Michael
|4 370
|
| 701 |
|
0 |
|a Getzinger
|b Jennifer
|4 370
|
| 702 |
|
0 |
|a Weiner
|b Matthew
|4 690
|
| 702 |
|
0 |
|a Albert
|b Lisa
|4 690
|
| 702 |
|
0 |
|a Cleveland
|b Rick
|4 690
|
| 702 |
|
0 |
|a Carbonara
|b David
|4 230
|
| 702 |
|
0 |
|a Hamm
|b Jon
|4 5
|
| 702 |
|
0 |
|a Kartheiser
|b Vincent
|4 5
|
| 702 |
|
0 |
|a Jones
|b January
|4 5
|
| 702 |
|
0 |
|a Batt
|b Brian
|4 5
|
| 702 |
|
0 |
|a Moss
|b Elisabeth
|4 5
|
| 702 |
|
0 |
|a Hendricks
|b Christina
|4 5
|
| 900 |
|
|
|a Film
|
| 901 |
|
|
|a Accessible au prêt
|
| 995 |
|
|
|a Bibliothèque
|c Bibliothèque
|f 00156008467375
|h 00156008467375
|k S MAD 6
|o p
|q a
|r gd
|e Bibliothèque
|